2025/26 Spanish Football League Teams - Statistics

General Stats
  • This quiz has been taken 206 times
  • The average score is 28 of 42
Answer Stats
League Team % Correct
La Liga Real Madrid
99%
La Liga Atlético Madrid
98%
La Liga Barcelona
97%
La Liga Athletic Bilbao
96%
La Liga Valencia
92%
La Liga Sevilla
90%
La Liga Villarreal
90%
La Liga Real Betis
89%
La Liga Real Sociedad
89%
La Liga Mallorca
86%
La Liga Espanyol
83%
La Liga Celta Vigo
81%
La Liga Getafe
80%
La Liga Girona
80%
La Liga 2 Deportivo La Coruña
77%
La Liga 2 Las Palmas
77%
La Liga 2 Málaga
74%
La Liga Osasuna
74%
La Liga Levante
71%
La Liga 2 Real Zaragoza
70%
La Liga Alavés
69%
La Liga Elche
69%
La Liga 2 Granada
69%
La Liga Rayo Vallecano
67%
La Liga 2 Real Valladolid
67%
La Liga Real Oviedo
66%
La Liga 2 Cádiz
62%
La Liga 2 Sporting Gijón
59%
La Liga 2 Real Sociedad B
58%
La Liga 2 Almería
56%
La Liga 2 Racing Santander
55%
La Liga 2 Leganés
53%
La Liga 2 Eibar
51%
La Liga 2 Albacete
50%
La Liga 2 Córdoba
47%
La Liga 2 Huesca
45%
La Liga 2 Burgos
38%
La Liga 2 Andorra
35%
La Liga 2 Castellón
34%
La Liga 2 Mirandés
29%
La Liga 2 Ceuta
28%
La Liga 2 Cultural Leonesa
23%
No matching quizzes found
Score Distribution
Percent of People with Each Score
Percentile by Number Answered
Your Score History
You have not taken this quiz